| LEADER | 00506nam a2200193 c 4500 | ||
|---|---|---|---|
| 001 | bibPHI0029630 | ||
| 005 | 20200924122549.7 | ||
| 008 | 070131s2006 xx hun | ||
| 100 | 1 | |a Furet, Francois | |
| 245 | 1 | 2 | |a A forradalomról |c François Furet ; [ford. Vargyas Zoltán] |
| 260 | |a Budapest |b Európa |c 2006 | ||
| 300 | |a 179 p. | ||
| 490 | 1 | |a Mérleg | |
| 695 | |a politikaelmélet | ||
| 695 | |a történetfilozófia | ||
| 695 | |a hatalom | ||
| 695 | |a forradalom | ||
| 700 | 1 | |a Vargyas Zoltán | |
| 830 | 0 | |a Mérleg | |